Aid that works successful development in fragile states

Guardado en:
Detalles Bibliográficos
Otros Autores: Manor, James
Formato: Libro
Lenguaje:inglés
Publicado: Washington, D.C. <The> World Bank 2007
Colección:Directions in development
Materias:
Etiquetas: Agregar Etiqueta
Sin Etiquetas, Sea el primero en etiquetar este registro!

MARC

LEADER 00000nam$a2200000$$$4500
001 0049836
005 20240313135802.2
020 |a 0-8213-6201-1 
020 |a 978-0-8213-6201-3 
041 0 |a eng 
044 |a US 
245 1 0 |a Aid that works  |b successful development in fragile states  |c James Manor, editor 
264 1 |a Washington, D.C.  |b <The> World Bank  |c 2007 
300 |a 301 s. 
490 1 |a Directions in development 
830 0 |a Directions in development 
610 2 0 |a krajiny rozvojové 
610 2 0 |a pomoc rozvojová 
610 2 0 |a pomoc medzinárodná 
610 2 0 |a projekty 
610 2 0 |a programy rozvojové 
610 2 0 |a štúdie prípadové 
700 1 |a Manor, James